Conferencias de introducción a las matemáticas aplicadas /

Guardado en:
Autor Principal: Tikhonov, A. N. 1906-
Otros Autores: Kostomarov, Dmitrii Pavlovich.
Formato: Libro
Idioma:Spanish
Russian
Publicado: Moscú : Mir, c1987.
Etiquetas: Agregar Etiqueta
Sin Etiquetas, Sea el primero en etiquetar este registro!
LEADER 00603nam a22001575a 4500
001 MAT.inmabb006861
008 150320s1987####ru#a##########000#0#spa#d
005 20150320164011.0
245 1 0 |a Conferencias de introducción a las matemáticas aplicadas /  |c A. Tíjonov, D. Kostomárov ; [traducido del ruso por Antonio Ballesteros Elías]. 
260 |a Moscú :  |b Mir,  |c c1987. 
300 |a 215 p. :  |b il. ;  |c 20 cm. 
100 1 |a Tikhonov, A. N.  |q (Andrei Nikolaevich),  |d 1906- 
700 1 |a Kostomarov, Dmitrii Pavlovich. 
084 |a 00A69 (65-01)  |2 msc2000 
041 1 |a spa  |h rus 
859 |h 00A69  |i T568  |p A-6928  |b BIB. MATEMATICA